[Event "Online Olym Disabilities"]
[Site "Tornelo INT"]
[Date "2020.11.26"]
[Round "6.27"]
[White "Telles, Rigoberto"]
[Black "Afraoui, Solenn"]
[Result "0-1"]
[WhiteElo "1307"]
[BlackElo "1889"]
[PlyCount "80"]
[EventDate "2020.11.21"]
[EventType "team-swiss (rapid)"]
[EventRounds "7"]
[EventCountry "NET"]
[SourceTitle "CBM 199 Extra"]
[Source "ChessBase"]
[SourceDate "2021.01.31"]
[SourceVersion "1"]
[SourceVersionDate "2021.01.31"]
[SourceQuality "1"]
[WhiteTeam "Costa Rica"]
[BlackTeam "France"]
[WhiteTeamCountry "CRI"]
[BlackTeamCountry "FRA"]

1. e4 c5 2. Nf3 d6 3. Bc4 Nf6 4. d3 e6 5. 0-0 Be7 6. c3 0-0 7. h3 a6 8. a3 b5 9. Bb3 Bb7 10. Be3 Nbd7 11. Nbd2 Qc7 12. Re1 Rfd8 13. Bc2 Rac8 14. Rc1 Qb8 15. d4 cxd4 16. cxd4 Qa8 17. Bf4 Nf8 18. Bd3 Rxc1 19. Qxc1 Rc8 20. Qb1 Ng6 21. Bh2 Nh5 22. g3 Nf6 23. Kg2 e5 24. d5 Nd7 25. b4 Bd8 26. Rc1 Nb6 27. Nb3 Na4 28. Na5 Bxa5 29. bxa5 Nc5 30. Bc2 Rc7 31. Nd2 Qc8 32. Nb3 Nxb3 33. Qxb3 Rc3 34. Qb2 Qc5 35. Kf1 Bc8 36. Ke1 Bxh3 37. Kd2 Qd4+ 38. Ke1 Re3+ 39. fxe3 Qxe3+ 40. Kd1 Bg4# 0-1

[Event "Pan American IBCA-ch 8th"]
[Site "San Jose"]
[Date "2019.11.02"]
[Round "6.6"]
[White "Franco Perez, William"]
[Black "Telles, Rigoberto"]
[Result "0-1"]
[WhiteElo "1583"]
[BlackElo "1226"]
[PlyCount "44"]
[EventDate "2019.10.30"]
[EventType "swiss"]
[EventRounds "7"]
[EventCountry "CRI"]
[SourceTitle "EXT 2024"]
[Source "ChessBase"]
[SourceDate "2023.10.10"]
[SourceVersion "1"]
[SourceVersionDate "2023.10.10"]
[SourceQuality "1"]

1. c4 d5 2. cxd5 Qxd5 3. Nf3 c6 4. Nc3 Qa5 5. d4 e6 6. Bd2 Qc7 7. e4 Nf6 8. Rc1 Qd8 9. Bg5 Be7 10. Be2 Nbd7 11. 0-0 0-0 12. e5 Nd5 13. Bxe7 Nxe7 14. Qd3 Ng6 15. g3 Nb6 16. b3 Nd5 17. Nxd5 Qxd5 18. h4 h6 19. Bd1 b6 20. Bc2 Bb7 21. h5 c5 22. Nh4 Qh1# 0-1

[Event "Pan American IBCA-ch 8th"]
[Site "San Jose"]
[Date "2019.11.01"]
[Round "4.3"]
[White "Bautista Chiquillo, Leidy Johanna"]
[Black "Telles, Rigoberto"]
[Result "1-0"]
[WhiteElo "1600"]
[BlackElo "1226"]
[PlyCount "52"]
[EventDate "2019.10.30"]
[EventType "swiss"]
[EventRounds "7"]
[EventCountry "CRI"]
[SourceTitle "EXT 2024"]
[Source "ChessBase"]
[SourceDate "2023.10.10"]
[SourceVersion "1"]
[SourceVersionDate "2023.10.10"]
[SourceQuality "1"]

1. Nf3 d5 2. b3 d4 3. Bb2 c5 4. g3 Nc6 5. Bg2 Nf6 6. c3 g6 7. cxd4 cxd4 8. d3 Bg7 9. Nbd2 0-0 10. 0-0 e5 11. Nc4 Qc7 12. Rc1 Nd7 13. b4 b5 14. Na5 Bb7 15. Ng5 Rac8 16. Qb3 Nf6 17. Ne6 Qe7 18. Nxf8 Bxf8 19. Nxb7 Qxb7 20. Rc2 Qa6 21. Rfc1 Ne7 22. Rxc8 Nxc8 23. Rc6 Qb7 24. Rxf6 Qc7 25. Rc6 Qd8 26. Bd5 Qxd5 1-0

[Event "Pan American IBCA-ch 8th"]
[Site "San Jose"]
[Date "2019.10.31"]
[Round "2.12"]
[White "Telles, Rigoberto"]
[Black "Mendoza Lainez, Ricardo Jose"]
[Result "1-0"]
[WhiteElo "1226"]
[BlackElo "1153"]
[PlyCount "131"]
[EventDate "2019.10.30"]
[EventType "swiss"]
[EventRounds "7"]
[EventCountry "CRI"]
[SourceTitle "EXT 2024"]
[Source "ChessBase"]
[SourceDate "2023.10.10"]
[SourceVersion "1"]
[SourceVersionDate "2023.10.10"]
[SourceQuality "1"]

1. e4 d5 2. exd5 Qxd5 3. Nc3 Qd8 4. d4 Bf5 5. Nf3 e6 6. Bf4 Bd6 7. Qd2 Bxf4 8. Qxf4 Nf6 9. 0-0-0 c6 10. Re1 0-0 11. h4 h6 12. Be2 Nd5 13. Nxd5 cxd5 14. g4 Bh7 15. h5 Qc8 16. c3 a6 17. g5 Nd7 18. gxh6 g6 19. hxg6 fxg6 20. Qg5 Nf6 21. Bd3 Ne4 22. Bxe4 dxe4 23. Ne5 Qe8 24. Rxe4 Rf5 25. Qg3 Rc8 26. Rg4 Rxe5 27. Qxe5 Qe7 28. Rhg1 Qf7 29. f4 Re8 30. Kd2 b5 31. Re1 Kf8 32. Qd6+ Kg8 33. Qxa6 Qf5 34. Qc6 Rf8 35. Qxe6+ Kh8 36. Qxf5 gxf5 37. Rg7 Ra8 38. Ree7 Bg8 39. h7 Bxa2 40. Kc2 Bc4 41. Rg8+ Bxg8 42. hxg8Q+ Kxg8 43. Kb3 Kf8 44. Re5 Kf7 45. Rxf5+ Kg6 46. Rxb5 Kf6 47. d5 Kf5 48. c4 Kxf4 49. d6 Rd8 50. c5 Ke5 51. Kc4 Ke6 52. Rb6 Rc8 53. b4 Ra8 54. Kb5 Kd7 55. Rb7+ Kc8 56. Kb6 Kd8 57. c6 Kc8 58. b5 Kd8 59. c7+ Kc8 60. Rb8+ Rxb8+ 61. cxb8Q+ Kxb8 62. Kc6 Kc8 63. d7+ Kb8 64. d8Q+ Ka7 65. Qb6+ Ka8 66. Qb7# 1-0